[Event "Reykjavik-ch"]
[Site "Reykjavik"]
[Date "2009.01.23"]
[Round "6"]
[White "Bjornsson, Sverrir Orn"]
[Black "Thorsteinsdottir, Hallgerdur"]
[Result "1-0"]
[WhiteElo "2161"]
[BlackElo "1951"]
[PlyCount "47"]
[EventDate "2009.01.11"]
[EventType "swiss"]
[EventRounds "9"]
[EventCountry "ISL"]
[SourceTitle "EXT 2010"]
[Source "ChessBase"]
[SourceDate "2010.11.25"]
[SourceVersion "1"]
[SourceVersionDate "2010.11.25"]
[SourceQuality "1"]

1. d4 Nf6 2. c4 g6 3. Bg5 Ne4 4. Bf4 Bg7 5. f3 Nf6 6. e4 c5 7. d5 Nh5 8. Bc1 0-0 9. Bd3 Qc7 10. Ne2 Be5 11. g3 d6 12. g4 Ng7 13. Nbc3 f5 14. gxf5 gxf5 15. Bh6 e6 16. Qd2 exd5 17. Nxd5 Qf7 18. 0-0-0 Nc6 19. f4 Bd4 20. Nxd4 Nxd4 21. Rhg1 Nf3 22. Rxg7+ Qxg7 23. Bxg7 Nxd2 24. Bxf8 1-0

[Event "Reykjavik TR-chA"]
[Site "Reykjavik"]
[Date "2008.11.10"]
[Round "4"]
[White "Valtysson, Thor"]
[Black "Bjornsson, Sverrir Orn"]
[Result "1/2-1/2"]
[WhiteElo "2115"]
[BlackElo "2150"]
[PlyCount "71"]
[EventDate "2008.10.26"]
[EventType "tourn"]
[EventRounds "9"]
[EventCountry "ISL"]
[SourceTitle "EXT 2010"]
[Source "ChessBase"]
[SourceDate "2010.11.25"]
[SourceVersion "1"]
[SourceVersionDate "2010.11.25"]
[SourceQuality "1"]

1. d4 Nf6 2. Nf3 e6 3. Bg5 c5 4. c3 b6 5. e3 Bb7 6. Be2 Be7 7. Nbd2 cxd4 8. exd4 0-0 9. 0-0 d6 10. Qc2 Nbd7 11. a4 a6 12. Rfe1 Re8 13. Bc4 Qc7 14. Bd3 Bf8 15. Bh4 Rac8 16. h3 g6 17. Bg3 Qc6 18. Ne4 Nxe4 19. Bxe4 Qc7 20. Ng5 Nf6 21. Bxb7 Qxb7 22. Ne4 Nxe4 23. Rxe4 Rc4 24. Qe2 d5 25. Re3 Qc6 26. Qd1 Rc8 27. Be5 Bg7 28. Bxg7 Kxg7 29. h4 h5 30. Rg3 Qd6 31. Qf3 R8c7 32. Rg5 f6 33. Rg3 a5 34. Qd3 f5 35. Re3 R4c6 36. Rae1 1/2-1/2

[Event "Reykjavik TR-chA"]
[Site "Reykjavik"]
[Date "2008.11.09"]
[Round "7"]
[White "Bjornsson, Sverrir Orn"]
[Black "Ragnarsson, Johann Hjortur"]
[Result "1-0"]
[WhiteElo "2150"]
[BlackElo "2159"]
[PlyCount "47"]
[EventDate "2008.10.26"]
[EventType "tourn"]
[EventRounds "9"]
[EventCountry "ISL"]
[SourceTitle "EXT 2010"]
[Source "ChessBase"]
[SourceDate "2010.11.25"]
[SourceVersion "1"]
[SourceVersionDate "2010.11.25"]
[SourceQuality "1"]

1. d4 d5 2. c4 e6 3. Nc3 c6 4. e4 Bb4 5. Bd2 Bxc3 6. Bxc3 dxe4 7. Qg4 Kf8 8. Qxe4 f6 9. Ne2 Kf7 10. Nf4 Ne7 11. Be2 a5 12. 0-0-0 Qb6 13. Rhe1 Na6 14. Nxe6 Bd7 15. c5 Qa7 16. Ng5+ fxg5 17. Bh5+ Ng6 18. Qe7+ Kg8 19. Qxd7 Qb8 20. d5 Qf8 21. dxc6 bxc6 22. Be2 h5 23. Bxa6 Rxa6 24. Re8 1-0

[Event "Reykjavik TR-chA"]
[Site "Reykjavik"]
[Date "2008.11.07"]
[Round "6"]
[White "Kristjansson, Atli Freyr"]
[Black "Bjornsson, Sverrir Orn"]
[Result "0-1"]
[WhiteElo "2093"]
[BlackElo "2150"]
[PlyCount "88"]
[EventDate "2008.10.26"]
[EventType "tourn"]
[EventRounds "9"]
[EventCountry "ISL"]
[SourceTitle "EXT 2010"]
[Source "ChessBase"]
[SourceDate "2010.11.25"]
[SourceVersion "1"]
[SourceVersionDate "2010.11.25"]
[SourceQuality "1"]

1. Nf3 Nf6 2. c4 c5 3. d4 cxd4 4. Nxd4 b6 5. Nc3 Bb7 6. Bg5 a6 7. Bxf6 gxf6 8. e4 e6 9. Qd3 Qc7 10. g3 Nc6 11. a3 Ne5 12. Qe2 Rc8 13. b3 b5 14. f4 Qc5 15. Nc2 bxc4 16. b4 Nd3+ 17. Qxd3 cxd3 18. bxc5 dxc2 19. Bd3 Bxc5 20. Rc1 Bxa3 21. Rxc2 Bb4 22. Kd2 Ke7 23. Rhc1 Rc5 24. Ke3 Rhc8 25. Na4 Rxc2 26. Rxc2 Rxc2 27. Bxc2 Bc6 28. Kd4 d6 29. Bb3 Be1 30. Ke3 a5 31. g4 h6 32. Nb6 Bb4 33. Na4 d5 34. exd5 Bxd5 35. Bc2 Kd6 36. h4 Be1 37. h5 Bh4 38. Nb6 Kc5 39. Nxd5 exd5 40. Bg6 a4 41. Kd3 Bg3 42. g5 fxg5 43. fxg5 a3 44. Kc2 Be5 0-1